000 00216nam a22000977a 4500
999 _c16185
_d16185
003 OSt
008 200617b ||||| |||| 00| 0 eng d
100 _aRabindranath Tagore
_94604
245 _aWings of Death
942 _cBK